Państwa po podpowiedziach - Statystyki

Ogólne statystyki
  • Ten quiz został rozwiązany 136 razy
  • Średni wynik to 9 z 10
Statystyki odpowiedzi
Podpowiedź Odpowiedź % Poprawnych
Big Ben Wielka Brytania
100%
pizza włochy
100%
piramidy Egipt
99%
NBA USA
97%
LEGO Dania
94%
zegarki Szwajcaria
94%
piłka nożna (5 wygranych mś.) Brazylia
92%
wino Francja
92%
hokej Kanada
92%
ropa naftowa,Mekka Arabia Saudyjska
82%
Nie znaleziono quizów pasujących do podanych kryteriów
Rozkład punktacji
Procent ludzi z każdym wynikiem
Percentyl według liczby udzielonych odpowiedzi
Twoja historia wyników
Nie rozwiązałeś tego quizu